[Event "ECU-chT U20"]
[Site "Carpuela"]
[Date "2014.05.06"]
[Round "7.4"]
[White "Villarreal Munoz, Brayan Alexi"]
[Black "Pinsa Pardo, Antony Ariel"]
[Result "1-0"]
[WhiteElo "1531"]
[BlackElo "1601"]
[PlyCount "20"]
[EventDate "2014.05.03"]
[EventType "team-swiss"]
[EventRounds "7"]
[EventCountry "ECU"]
[SourceTitle "CBM 160 Extra"]
[Source "ChessBase"]
[SourceDate "2014.07.01"]
[SourceVersion "1"]
[SourceVersionDate "2014.07.01"]
[SourceQuality "1"]
[WhiteTeam "Carchi"]
[BlackTeam "Orellana"]
[WhiteTeamCountry "ECU"]
[BlackTeamCountry "ECU"]

1. e4 e5 2. Bc4 Nc6 3. d3 Na5 4. Bb3 Bc5 5. Nf3 Nxb3 6. axb3 d6 7. h3 h6 8. c3 a6 9. b4 Bb6 10. b3 Be6 1-0